000 00642nam a2200265Ia 4500
008 180313s9999 xx 000 0 und d
020 _a9789811106866
050 _bER P238 2016
100 _aParker, Aura
245 _aTwig /
245 _cby Aura Parker.
260 _aNew York, New York :
260 _bScholastic Inc.,
260 _c2016
300 _aunpaged :
300 _bcolored illustrations ;
300 _c28cm.
650 _aCamouflage (Biology) --
650 _aFirst day of school --
650 _aStick insects --
650 _xFiction.
650 _xFiction.
650 _xFiction.
700 _aTitle.
999 _c356263
_d356263